000
00306nam a2200121Ia 4500
008
150201s2008 xx 000 0 und d
082
_a
618.92
_b
P08R
100
_a
ROUND,JONATHAN
245
_a
CLINICAL CASES UNCOVERD PAEDIATRIC
260
_b
WILEY
_a
BLACKWELL
_c
2008
650
_a
PAEDIATRICS
942
_2
ddc
_c
BK
999
_c
854
_d
854